000 00395nam a2200157Ia 4500
003 GCL
008 140319s9999 xx 000 0 ara d
040 _aGCL /
_cGCL
082 0 4 _a812.043
_bب س
100 1 _aبشر فارس
245 1 0 _aسوء تفاهم /
_cبشر فارس
490 _a
650 0 4 _aالمسرحيات
650 0 4 _aالمسرحيات العربية
942 _2ddc
_cBK
999 _c40163
_d40163